000
00191 a2200097 4500
001
73484
090
_c
38910
_d
38910
100
_a
Sears, F W
245
_a
University Physics
260
_a
London
_b
Wesley
942
_a
NUST-CAE
999
_c
308557
_d
308557